000 01533cam a2200385 a 4500
001 16998520
005 20170105102920.0
008 111013s2011 enka b 001 0 eng c
010 _a 2011283988
016 7 _a015780865
_2Uk
020 _a9780745650609
020 _a0745650600
020 _a9780745650616 (pbk.)
020 _a0745650619 (pbk.)
035 _a(OCoLC)ocn707263866
040 _aBTCTA
_beng
_cBTCTA
_dYDXCP
_dCDX
_dNDL
_dBWX
_dNDD
_dUKMGB
_dDLC
042 _apcc
050 0 0 _aJZ1318
_b.H3485 2011
245 0 0 _aHandbook of transnational governance :
_binstitutions and innovations /
_cedited by Thomas Hale and David Held.
260 _aCambridge ;
_aMalden, MA :
_bPolity,
_c2011.
300 _axxv, 412 p. :
_bill. ;
_c26 cm.
504 _aIncludes bibliographical references and index.
650 0 _aInternational organization.
650 0 _aInternational cooperation.
650 0 _aNon-state actors (International relations)
700 1 _aHale, Thomas
_q(Thomas Nathan)
700 1 _aHeld, David.
856 4 2 _3Contributor biographical information
_uhttp://www.loc.gov/catdir/enhancements/fy1203/2011283988-b.html
856 4 2 _3Publisher description
_uhttp://www.loc.gov/catdir/enhancements/fy1203/2011283988-d.html
856 4 1 _3Table of contents only
_uhttp://www.loc.gov/catdir/enhancements/fy1203/2011283988-t.html
906 _a7
_bcbc
_cpccadap
_d2
_encip
_f20
_gy-gencatlg
936 _aPR 711827990, 741904429, 727061396
942 _2ddc
_cBK
999 _c15522
_d15522